Statistiques concernant Œuvres d'art photo quiz #1

Cliquez ici pour prendre le quiz!

Statistiques générales

  • Ce quiz a été pris 394 fois
  • Le résultat moyen est 7 sur 15

Statistiques - réponses

Réponse% Correct
Vincent Van Gogh /
La Nuit étoilée
93%
Eugène Delacroix /
La Liberté guidant le peuple
81%
Léonard de Vinci /
La Cène
76%
Michel-Ange /
La création d'Adam
73%
Johannes Vermeer /
La Jeune Fille à la perle
71%
Gustav Klimt /
Le Baiser
57%
Pierre-Auguste Renoir /
Danse à Bougival
46%
Henri Matisse /
La Danse
44%
Rembrandt /
La Ronde de nuit
41%
Diego Vélasquez /
Les Ménines
39%
Edgar Degas /
La Petite Danseuse de 14 ans
32%
Henri de Toulouse-Lautrec /
Au Moulin-Rouge
25%
Jérôme Bosch /
Le Jardin des délices
20%
Pierre Paul Rubens /
Vénus au miroir
17%
James Whistler /
La mère de Whistler
6%

Distribution des résultats

Percentile par nombre de réponses

% des personnes avec chaque résultat

Votre développement - résultats

Vous n’avez pas pris ce quiz